00463nam a2200157Ia 450000500170000000800410001708200130005810000210007124500180009226000380011030000130014850000240016194200060018595200990019199900150029020250509073924.0240331s9999 xx 000 0 und d bPARa894 aParthasarathi, I 0aOru cup kapee aChennaibTamil Puthakalayamc1996 a140 p ., aTamil Short Stories cL 001040708LaWERCLbWERCLcSSCd2024-03-31l0o 894.811 PARp4480r2024-03-31w2024-03-31yL c4312d4312